01031nam a22002657a 4500003000900000005001700009008003700026020001500063040002200078082001600100100001600116245025200132260006800384300003000452490003200482700002200514700002000536700002800556700002400584700002600608700002800634700003400662700003800696830003100734DO-SdBNP20171206100419.0161031b 1996 xxu a 00| 0 spa d a0673771040 aBPMSUbspacBPMSU axxxxbP342D1 aPaxton, Tom10aAsí es Tom Paxton :buna entrevista con Tom Paxton /cilustrado por Mike Dammer ; fotografías Jon Reed ; adaptación Patricia Almada ; traducción Olivia Ruiz, Vivian Cuesta, Patricia Almada, Lourdes Davis Machado, Roni Capin Rivera Ashford. aEstados Unidos : bCelebration Press, bScott Foresman, c1996. a16 p. : bil. ; c18 cm. 1 aPequeñitas celebraciones 12aDammer, Mikeeil.12aReed, Jonefot.12aAlmada, Patriciaeadap.12aRuiz, Oliviaetrad.12aCuesta, Vivianetrad.12aAlmada, Patriciaetrad.12aDavis Machado, Lourdesetrad.12aRivera Ashford, Roni Capinetrad. 0aPequeñitas celebraciones